Tous les sportifs français au Jeux Olympiques de Paris 2024 - Statistiques

Statistiques générales
  • Ce quiz a été pris 210 fois
  • Le résultat moyen est 61 sur 366
Statistiques - réponses
Discipline Précision Réponse % Correct
Judo +100 kg Teddy Riner
88%
Natation Papillon, Brasse, 4 nages Léon Marchand
82%
Natation Nage libre Florent Manaudou
75%
Tennis de table Simple, Par équipes, Double mixte Alexis Lebrun
74%
Tennis de table Simple, Par équipes Félix Lebrun
74%
Natation Brasse Antoine Marc
73%
Judo -63 kg Clarisse Agbégnénou
58%
Athlétisme Décathlon Kevin Mayer
56%
VTT Femmes Pauline Ferrand-Prévot
51%
Triathlon Femmes Cassandre Beaugrand
50%
Judo +78 kg Romane Dicko
50%
Natation Nage libre, Papillon Maxime Grousset
46%
Escrime Sabre Manon Apithy-Brunet
45%
Escrime Fleuret Enzo Lefort
44%
Judo -73 kg Joan-Benjamin Gaba
44%
BMX Freestyle Anthony Jeanjean
43%
Tennis Simple Gaël Monfils
43%
Tennis Simple Arthur Fils
42%
Escrime Sabre Boladé Apithy
42%
Cyclisme sur route Course en ligne Julian Alaphilippe
42%
Taekwondo -58 kg Souleyman Alaphilippe
42%
Cyclisme sur route Course en ligne Valentin Madouas
40%
Athlétisme 4x400m, 4x400m mixte Alexe Deau
39%
Tennis Simple Caroline Garcia
39%
Athlétisme Perche Thibaut Collet
39%
Athlétisme 800m Benjamin Robert
38%
Cyclisme sur route Course en ligne Christophe Laporte
38%
Gymnastique Artistique Mélanie De Jesus Dos Santos
38%
Escrime Épée Romain Cannone
38%
Judo -57 kg Sarah-Léonie Cysique
38%
Cyclisme sur piste Poursuite par équipes, Madison, Omnium Benjamin Thomas
37%
Escrime Épée Auriane Mallo-Breton
36%
BMX Racing Joris Daudet
36%
Escrime Sabre Sara Balzer
36%
Natation Dos Yohann Ndoye-Brouard
36%
Athlétisme 800m Gabriel Tual
35%
Athlétisme Disque Mélina Robert-Michon
35%
Canoë slalom C1 Nicolas Gestin
35%
Judo -48 kg Shirine Boukli
35%
Judo -52 kg Amandine Buchard
33%
Athlétisme 5 000m, 10 000m Jimmy Gressier
33%
BMX Racing Romain Mahieu
32%
Athlétisme 110m haies Sasha Zhoya
32%
Canoë slalom K1 Titouan Castryck
32%
Canoë slalom Kayak cross Titouan Castryck
32%
Tennis Simple Ugo Humbert
32%
Tennis Simple Corentin Moutet
31%
Athlétisme 100m haies Cyréna Samba-Mayela
31%
Tir à l'arc Individuelle, Par équipe Lisa Barbelin
31%
VTT Femmes Loana Lecomte
31%
Natation Dos Pauline Mahieu
31%
Badminton Double hommes Christo Popov
30%
Cyclisme sur route Course en ligne, Contre-la-montre Kévin Vauquelin
30%
Triathlon Hommes Léo Bérgère
30%
Tennis de table Par équipes Simon Gauzy
30%
Boxe -63,5 kg Sofiane Oumiha
30%
BMX Racing Sylvain André
30%
Badminton Simple hommes, Double hommes Toma Junior Popov
30%
Escrime Épée Yannick Borel
30%
Taekwondo +67 kg Althéa Laurin
29%
Surf Hommes Kauli Vaast
29%
Cyclisme sur piste Vitesse individuelle, Keirin Mathilde Gros
27%
Athlétisme 3 000m steeple Alice Finot
26%
Canoë slalom Kayak cross Angèle Hug
26%
Boxe -60 kg Estelle Mossely
26%
Escalade Vitesse Bassa Mawem
25%
Voile 49er FX Charline Picon
25%
Tennis Simple, Double Diane Parry
25%
Tir à l'arc Individuelle, Par équipe Jean-Charles Valladont
25%
Athlétisme 400m haies, 4x400m, 4x400m mixte Louise Maraval
25%
Judo -78 kg Madeleine Malonga
25%
Athlétisme 4x100m Meba-Mickael Zézé
25%
Triathlon Hommes Pierre Le Corre
25%
Athlétisme 200m, 4x100m Ryan Zézé
25%
VTT Hommes Victor Koretzky
25%
Escrime Fleuret Ysaora Thibus
25%
Athlétisme Heptathlon Auriana Lazraq Khlass
24%
Tir à l'arc Individuelle, Par équipe Baptiste Addis
24%
Breaking Hommes Dany Dann
24%
Pentathlon moderne Femmes Elodie Clouvel
24%
Athlétisme Décathlon Makenson Gletty
24%
Judo -70 kg Marie-Ève Gahié
24%
Aviron Quatre sans barreur Benoît Brunet
23%
Golf Femmes Céline Boutier
23%
Cyclisme sur route Course en ligne, Contre-la-montre Juliette Labous
23%
Athlétisme Marteau Alexandra Tavernier
21%
Natation Dos Mewen Tomac
21%
Boxe -51 kg Billal Bennama
20%
Natation 4 nages Charlotte Bonnet
20%
Taekwondo -58 kg Cyrian Ravet
20%
Triathlon Hommes Dorian Coninx
20%
Triathlon Femmes Emma Lombardi
20%
Équitation Concours complet Karim Laghouag
20%
BMX Freestyle Laury Perez
20%
Judo -90 kg Maxime-Gaël Ngayap Hambou
20%
Escalade Combiné Oriane Bertone
20%
Escrime Sabre Sébastien Patrice
20%
Tennis Simple, Double Varvara Gracheva
20%
Golf Hommes Victor Perez
20%
Athlétisme 4x400m, 4x400m mixte Amandine Brossier
19%
Judo -100 kg Aurélien Diesse
19%
Athlétisme 1 500m Azeddine Habz
19%
Tennis Double Edouard Roger-Vasselin
19%
Natation Nage libre + eau libre Marc-Antoine Olivier
19%
Tir à l'arc Individuelle, Par équipe Thomas Chirault
19%
Judo -81 kg Alpha Djalo
18%
Cyclisme sur route Course en ligne, Contre-la-montre Audrey Cordon-Ragot
18%
Tir Pistolet à air comprimé 10 m, Pistolet 25 m, Par équipes mixtes Camille Jedrzejewski
18%
Athlétisme 5 000m Hugo Hay
18%
Surf Femmes Johanne Defay
18%
Gymnastique Artistique Marine Boyer
18%
Athlétisme 400m haies Wilfried Happio
18%
Athlétisme 1 500m Agathe Guillemot
17%
Athlétisme 800m Anais Bourgoin
17%
Natation artistique Ballet Charlotte Tremble
17%
Athlétisme 400m haies Clément Ducos
17%
Aviron Deux de couple poids léger Laura Tarantola
17%
Natation artistique Ballet Laura Tremble
17%
Boxe -71 kg Makan Traoré
17%
Athlétisme Perche Marie-Julie Bonnin
17%
Natation Nage libre, Papillon Marie Wattel
17%
Athlétisme 800m Rénelle Lamote
17%
Escalade Combiné Sam Avezou
17%
Judo -66 kg Walide Khyar
17%
Escalade Combiné Zélia Avezou
17%
Plongeon tremplin 3 m synchronisé Alexis Jandard
15%
Tir à l'arc Individuelle, Par équipe Caroline Lopez
15%
Tennis Simple Clara Burel
15%
Athlétisme 200m, 4x100m Helene Parisot
15%
Tir Pistolet 25 m vitesse Jean Quiquampoix
15%
Athlétisme 4x100m Jeff Erius
15%
Lutte -68 kg Koumba Larroque
15%
Escrime Épée Marie-Florence Candassamy
15%
Gymnastique Artistique Samir Aït Saïd
15%
Cyclisme sur piste Vitesse par équipes Sébastien Vigier
15%
Athlétisme 5 000m, 10 000m Yann Shrub
15%
Athlétisme 3 000m steeple Alexis Miellet
14%
Athlétisme Perche Anthony Ammirati
14%
Athlétisme 20km marche, Relais marche Aurélien Quinion
14%
Canoë slalom Kayak cross Boris Neveu
14%
Canoë slalom K1 Camille Prigent
14%
Canoë slalom Kayak cross Camille Prigent
14%
Aviron Deux de couple poids léger Claire Bové
14%
Boxe -75 kg Davina Michel
14%
Équitation Saut d'obstacles Julien Epaillard
14%
Voile Formula kite Laurianne Nolot
14%
Lutte -67 kg Mamadassa Sylla
14%
Escrime Fleuret Maxime Pauty
14%
Athlétisme 20km marche, relais marche Pauline Stey
14%
Tennis de table Simple, Par équipes Prithika Pavade
14%
Athlétisme Marteau Rose Loga
14%
Athlétisme Hauteur Solène Gicquel
14%
Canoë sprint Canoë Adrien Bart
13%
Beach-Volley Femmes Alexia Richard
13%
BMX Racing Axelle Etienne
13%
Beach-Volley Femmes Clémence Vieira
13%
Boxe +92 kg Djamili-Dini Aboudou Moindze
13%
Athlétisme Longueur Hilary Kpatcha
13%
Aviron Deux de couple Hugo Boucheron
13%
VTT Hommes Jordan Sarrou
13%
Triathlon Femmes Léonie Périault
13%
Golf Hommes Matthieu Pavon
13%
Escrime Sabre Maxime Pianfetti
13%
Athlétisme Perche Ninon Chapelle
13%
Athlétisme Perche Robin Emig
13%
Athlétisme 4x400m, 4x400m mixte Sounkamba Sylla
13%
Badminton Double mixte Thom Gicquel
13%
Surf Femmes Vahiné Fierro
13%
Cyclisme Poursuite par équipes, Course en ligne Victoire Berteau
13%
Athlétisme 110m haies Wilhem Belocian
13%
Badminton Simple femmes Xuefei Qi
13%
Natation Nage libre Beryl Gastaldello
12%
Athlétisme 20km marche, relais marche Clémence Beretta
12%
Natation Nage libre David Aubry
12%
Badminton Double mixte Delphine Delrue
12%
Athlétisme 100m, 200m, 4x100m Gemima Joseph
12%
Athlétisme Triple saut Jean-Marc Pontvianne
12%
Escrime Fleuret Julien Mertine
12%
Athlétisme 100m haies Laëticia Bapté
12%
Skateboard Park Louise-Aïna Taboulet
12%
Aviron Deux de couple Matthieu Androdias
12%
Athlétisme Marathon Méline Rollin
12%
Athlétisme Marathon Mélody Julien
12%
Athlétisme Marathon Nicolas Navarro
12%
Équitation Concours complet Nicolas Touzaint
12%
Escalade Combiné Paul Jenft
12%
Athlétisme 110m haies Raphaël Mohamed
12%
Cyclisme sur piste Vitesse par équipes Rayan Helal
12%
Voile 49er FX Sarah Steyaert
12%
Athlétisme 4x400m, 4x400m mixte Téo Andant
12%
Athlétisme Marteau Yann Chaussinand
12%
Athlétisme 10 000m Alessia Zarbo
11%
Beach-Volley Femmes Aline Chamereau
11%
Athlétisme 20km marche, relais marche Camille Moutard
11%
Escalade Vitesse Capucine Viglione
11%
Athlétisme 4x100m Chloé Galet
11%
Cyclisme sur piste Poursuite par équipes, Madison Clara Copponi
11%
Gymnastique Artistique Coline Devillard
11%
Escrime Épée Coraline Vitalis
11%
Natation Dos Emma Terebo
11%
Tennis Double Fabien Reboul
11%
Plongeon haut-vol 10m synchronisé Jade Gillet
11%
Tennis de table Simple, Par équipes, Double mixte Jia Nan Yuan
11%
Plongeon tremplin 3 m (synchronisé) Jules Bouyer
11%
Beach-Volley Hommes Julien Lyneel
11%
Athlétisme 800m Lena Kandissounon
11%
Athlétisme 4x400m, 4x400m mixte Loïc Prevot
11%
Escrime Épée Luidgi Midelton
11%
Cyclisme sur piste Vitesse individuelle, Keirin Marie Divine Kouamé
11%
Canoë slalom C1 Marjorie Delassus
11%
Canoë sprint Kayak Maxime Beaumont
11%
Plongeon tremplin 3 m synchronisé Naïs Gillet
11%
Athlétisme 3 000m steeple Nicolas-Marie Daru
11%
Tir Carabine à air comprimé 10 m, Par équipes mixtes Océanne Muller
11%
Escrime Fleuret Pauline Ranvier
11%
Haltérophilie -89 kg Romain Imadouchène
11%
Cyclisme sur piste Poursuite par équipes Thomas Denis
11%
Athlétisme Longueur Tom Campagne
11%
Pentathlon moderne Hommes Valentin Prades
11%
Skateboard Park Vincent Matheron
11%
Skateboard Street Aurélien Giraud
10%
Canoë sprint Canoë Axelle Renard
10%
Escrime Sabre Cécilia Berder
10%
Athlétisme 800m Corentin Le Clézio
10%
Natation Nage libre Damien Joly
10%
Aviron Deux de couple Elodie Ravera-Scaramozzino
10%
Plongeon haut-vol 10m synchronisé Emily Hallifax
10%
Aviron Deux de couple Emma Lunatti
10%
Cyclisme sur piste Vitesse par équipes Florian Grengbo
10%
Athlétisme 20km marche, Relais marche Gabriel Bordier
10%
Plongeon haut-vol 10m synchronisé Gary Hunt
10%
Aviron Quatre sans barreur Guillaume Turlan
10%
Athlétisme Triple saut Ilionis Guillaume
10%
Surf Hommes Joan Duru
10%
Beach-Volley Femmes Lezana Placette
10%
Natation Nage libre Logan Fontaine
10%
Natation en eau libre Hommes Logan Fontaine
10%
Judo -60 kg Luka Mhkeidze
10%
Escalade Vitesse Manon Lebon
10%
Cyclisme sur piste Poursuite par équipes Marie Le Net
10%
Athlétisme Marathon Mehdi Frère
10%
Natation Nage libre Mélanie Henique
10%
Athlétisme Hauteur Nawal Meniker
10%
Athlétisme 200m, 4x100m Pablo Matéo
10%
Beach-Volley Hommes Rémi Bassereau
10%
Athlétisme 5000m Sarah Madeleine
10%
Équitation Saut d'obstacles Simon Delestre
10%
Équitation Concours complet Stéphane Landois
10%
Breaking Femmes Sya Dembélé
10%
Aviron Quatre sans barreur Thibaud Turlan
10%
Cyclisme sur piste Poursuite par équipes, Madison Thomas Boudat
10%
Athlétisme Disque Tom Reux
10%
Cyclisme sur piste Omnium Valentine Fortin
10%
Boxe -50 kg Wassila Lkhadiri
10%
Tir à l'arc Individuelle, Par équipe Amélie Cordeau
8%
Boxe -57 kg Amina Zidani
8%
Badminton Double femmes Anne Tran
8%
Beach-Volley Hommes Arnaud Gauthier-Rat
8%
Voile 470 mixte Camille Lecointre
8%
Tir Pistolet 25 m vitesse Clément Bessaguet
8%
Athlétisme 4x400m, 4x400m mixte David Sombé
8%
Canoë sprint Canoë Eugénie Dorange
8%
Canoë sprint Canoë Eugénie Dorange
8%
Aviron Deux de couple poids léger Ferdinand Ludwig
8%
Athlétisme 3 000m steeple Flavie Renouard
8%
Athlétisme 200m, 4x100m,4x400m mixte Gilles Biron
8%
Aviron Deux de couple poids léger Hugo Beurey
8%
Tir Carabine 50 m 3 positions Judith Gomez
8%
Équitation Saut d'obstacles Kevin Staut
8%
Trampoline Femmes Léa Labrousse
8%
Athlétisme Disque Lolassonn Djouhan
8%
Athlétisme 3 000m steeple Louis Gilavert
8%
Skateboard Street Lucie Schoonheere
8%
Taekwondo -67 kg Magda Wiet-Hénin
8%
Canoë sprint Kayak Manon Hostens
8%
Athlétisme Perche Margot Chevrier
8%
Badminton Double femmes Margot Lambert
8%
Haltérophilie -71 kg Marie-Josèphe Fègue
8%
Pentathlon moderne Femmes Marie Oteiza
8%
Athlétisme Marathon Mekdes Woldu
8%
Gymnastique Artistique Ming Gherardi Van Eijken
8%
Voile iQFOiL Nicolas Goyard
8%
Aviron Quatre sans barreur Téo Rayet
8%
Athlétisme Javelot Teuraiterai Tupaia
8%
Athlétisme Triple saut Thomas Gogois
8%
Athlétisme 4x400m, 4x400m mixte Thomas Jordier
8%
Cyclisme sur piste Poursuite par équipes Valentin Tabellion
8%
Skateboard Street Vincent Milou
8%
Gymnastique Rythmique Aïnoha Dot Espinosa
7%
Équitation Dressage Alexandre Ayache
7%
Natation artistique Ballet, Duo Anastasia Bayandina
7%
Voile Formula kite Axel Mazella
7%
Haltérophilie -73 kg Bernardin Kingue Matam
7%
Natation en eau libre Femmes Caroline Jouisse
7%
Gymnastique Rythmique Célia Joseph-Noël
7%
Tennis de table Par équipes Charlotte Lutz
7%
Haltérophilie -59 kg Dora Tchakounté
7%
Skateboard Park Emilie Alexandre
7%
Escrime Fleuret Eva Lacheray
7%
Plongeon tremplin 3 m Gwendal Bisch
7%
Voile ILCA 7 Jean-Baptiste Bernaz
7%
Plongeon tremplin 3 m synchronisé Juliette Landi
7%
Canoë sprint Canoë Loïc Léonard
7%
Voile ILCA 6 Louise Cervera
7%
Athlétisme 1 500m Maël Gouyette
7%
Cyclisme sur piste Poursuite par équipes, Madison Marion Borras
7%
Tir Pistolet 25 m Mathilde Lamolle
7%
Gymnastique Artistique Morgane Osyssek-Reimer
7%
Athlétisme Marathon Morhad Amdouni
7%
Natation en eau libre Femmes Océane Cassignol
7%
Athlétisme 4x100m Orlann Olière
7%
Équitation Dressage Pauline Basquin
7%
Golf Femmes Perrine Delacour
7%
Canoë sprint Kayak Vanina Paoletti
7%
Athlétisme 4x400m, 4x400m mixte Yann Spillmann
7%
Beach-Volley Hommes Youssef Krou
7%
Natation artistique Ballet Ambre Esnault
6%
Natation Dos Analia Pigrée
6%
Natation Nage libre Anastasia Kripichnikova
6%
Athlétisme 4x100m Aymeric Priam
6%
Breaking Femmes Carlota Dudek
6%
Tir Fosse Carole Cormenier
6%
Voile 49er FX Clément Pequin
6%
Équitation Dressage Corentin Pottier
6%
Tir Skeet, Par équipes mixtes Eric Delaunay
6%
Voile 49er FX Erwan Fischer
6%
Breaking Hommes Gaëtan Alin
6%
Gymnastique Rythmique Hélène Karbanov
6%
Voile iQFOiL Hélène Noesmoen
6%
Pentathlon moderne Hommes Jean-Baptiste Mourcia
6%
Voile 470 mixte Jérémie Mion
6%
Skateboard Street Joseph Garbaccio
6%
Gymnastique Rythmique Justine Lavit
6%
Natation artistique Ballet Laelys Alavez
6%
Natation artistique Ballet Laura Gonzalez
6%
Gymnastique Rythmique Lozéa Vilarino
6%
Athlétisme 400m haies Ludvy Vaillant
6%
Gymnastique Rythmique Manelle Inaho
6%
Natation Dos Marie-Ange Moluh
6%
Athlétisme 4x100m Maroussia Pare
6%
Tir Fosse Mélanie Couzy
6%
Athlétisme 4x400m, 4x400m mixte Muhammad Abdallah Kounta
6%
Natation Nage libre Pacome Bricout
6%
Trampoline Hommes Pierre Gouzou
6%
Tir Carabine à air comprimé 10 m, Carabine 50 m 3 positions, Par équipes mixtes Romain Aufrère
6%
Athlétisme 4x100m Sarah Richard Mingas
6%
Tir Fosse Sébastien Guerrero
6%
Athlétisme 4x400m, 4x400m mixte Diana Iscaye
5%
Athlétisme 4x100m Dylan Vermont
5%
Natation artistique Ballet, Duo Eve Planeix
5%
Athlétisme 4x400m, 4x400m mixte Fabrisio Saidy
5%
Athlétisme 4x100m Harold Achi-Yao
5%
Plongeon haut-vol 10m synchronisé Loïs Szymczak
5%
Voile Nacra 17 mixte Lou Berthomieu
5%
Tir Carabine à air comprimé 10 m, Carabine 50 m 3 positions, Par équipes mixtes Lucas Kryzs
5%
Tir Skeet, Par équipes mixtes Lucie Anastassiou
5%
Athlétisme 4x100m Marie-Ange Rimlinger
5%
Athlétisme 4x400m, 4x400m mixte Marjorie Veyssière
5%
Natation artistique Ballet Romane Lunel
5%
Voile Nacra 17 mixte Tim Mourniac
5%
Tir Pistolet à air comprimé 10 m, Par équipes mixtes Florian Fouquet
4%
Tir Carabine à air comprimé 10 m, Par équipes mixtes Manon Herbulot
4%
Natation Dos Antoine Herlem
2%
Natation Nage libre Joris Bouchaut
2%
Natation Dos Merlin Ficher
2%
Athlétisme 400m haies, 4x400m, 4x400m mixte Shana Gerbo
0%
Aucun quiz correspondant
Distribution des résultats
% des personnes avec chaque résultat
Percentile par nombre de réponses
Votre historique - résultats
Vous n’avez pas pris ce quiz